| 000 | nam a22 a 4500 | ||
|---|---|---|---|
| 999 |
_c3190 _d3190 |
||
| 003 | AKMAL | ||
| 005 | 20170519161920.0 | ||
| 008 | 170519 1994 xxu 00 eng d | ||
| 020 |
_a0070464146 (pbk.): _c21.95 |
||
| 040 |
_aAKMAL _cAKMAL |
||
| 082 | 0 | 4 | _a658.312404 SCA |
| 090 |
_a658.312404 _bSCA |
||
| 100 | 1 |
_aScannell, Edward E. _92806 |
|
| 245 | 1 | 0 |
_aEven more games trainers play : _bexperiental learning exercises / _cEdward E. Scannell and John W. Newstrom |
| 260 |
_aNew York : _bMcGraw-Hill, _c1994 |
||
| 300 |
_axv, 336p. : _bill. ; _c28cm |
||
| 650 |
_aSmall groups _92804 |
||
| 650 |
_aGroup relations training _92823 |
||
| 650 |
_aExperiential learning _xProblem, exercises, etc. _96571 |
||
| 650 |
_aTotal quality management _9541 |
||
| 650 |
_aOrganizational effectiveness _9566 |
||
| 700 | 1 |
_aNewstrom, John W. _92810 |
|
| 942 |
_2ddc _cBOOK |
||